Minimálna mzda od 1. 1. 2009

Prehľad o sumách minimálnych mzdových nárokov, ktoré sa na základe prechodu na menu euro v SR budú od 1.1. 2009 zamestnancom zúčtovávať v eurách. Ustanovenia o minimálnej mzde v právnych predpisoch.

Salvato in:
Dettagli Bibliografici
Autore principale: Strýčková, Jolana
Natura: Capitolo di libro
Lingua:slovacco
Soggetti:
Tags: Aggiungi Tag
Nessun Tag, puoi essere il primo ad aggiungerne!!

MARC

LEADER 00000naa$a2200000$$$4500
001 0090333
005 20231114100459.4
041 0 |a slo 
044 |a SK 
245 1 0 |a Minimálna mzda od 1. 1. 2009  |c Jolana Strýčková 
520 |a Prehľad o sumách minimálnych mzdových nárokov, ktoré sa na základe prechodu na menu euro v SR budú od 1.1. 2009 zamestnancom zúčtovávať v eurách. Ustanovenia o minimálnej mzde v právnych predpisoch. 
610 2 0 |a mzdy minimálne 
610 2 0 |a euro 
610 2 0 |a úpravy právne 
610 2 0 |a Slovensko 
610 2 0 |a cena práce 
610 2 0 |a zárobky minimálne 
610 2 0 |a zárobky priemerné 
100 1 |a Strýčková, Jolana